Mongolia : Poverty Reduction Strategy Paper Progress Report.

This paper reviews Mongolia's Economic Growth Support Poverty Reduction Strategy (EGSPRS) Implementation Progress Report 2004. Mongolia's GDP grew by 5.6 percent in 2003, a fulfillment of the goal set out in the Main Guidelines for Economic and Social Development in 2003 to attain at least...

Mô tả đầy đủ

Chi tiết về thư mục
Tác giả của công ty: International Monetary Fund
Định dạng: Tạp chí
Ngôn ngữ:English
Được phát hành: Washington, D.C. : International Monetary Fund, 2005.
Loạt:IMF Staff Country Reports; Country Report ; No. 2005/405
Truy cập trực tuyến:Full text available on IMF
LEADER 01608cas a2200241 a 4500
001 AALejournalIMF003891
008 230101c9999 xx r poo 0 0eng d
020 |c 5.00 USD 
020 |z 9781451826890 
022 |a 1934-7685 
040 |a BD-DhAAL  |c BD-DhAAL 
110 2 |a International Monetary Fund. 
245 1 0 |a Mongolia :   |b Poverty Reduction Strategy Paper Progress Report. 
264 1 |a Washington, D.C. :  |b International Monetary Fund,  |c 2005. 
300 |a 1 online resource (86 pages) 
490 1 |a IMF Staff Country Reports 
500 |a <strong>Off-Campus Access:</strong> No User ID or Password Required 
500 |a <strong>On-Campus Access:</strong> No User ID or Password Required 
506 |a Electronic access restricted to authorized BRAC University faculty, staff and students 
520 3 |a This paper reviews Mongolia's Economic Growth Support Poverty Reduction Strategy (EGSPRS) Implementation Progress Report 2004. Mongolia's GDP grew by 5.6 percent in 2003, a fulfillment of the goal set out in the Main Guidelines for Economic and Social Development in 2003 to attain at least 5.2 percent economic growth. In 2003, the economy grew thanks to 1.4 percent increase in the agriculture sector, 0.8 percent in the industrial sector, and 3.4 percent in the service sector. The preliminary estimate for real economic growth in 2004 equals 10.6 percent. 
538 |a Mode of access: Internet 
830 0 |a IMF Staff Country Reports; Country Report ;  |v No. 2005/405 
856 4 0 |z Full text available on IMF  |u http://elibrary.imf.org/view/journals/002/2005/405/002.2005.issue-405-en.xml  |z IMF e-Library